Presidentes recibieron proyecto de tratado de la Comunidad Económica y Social Centroamericana

Պահպանված է:
Մատենագիտական մանրամասներ
Համատեղ հեղինակ: SIECA
Ձևաչափ: Տեքստ
Հրապարակվել է: s.l.: s.e.
Ցուցիչներ: Ավելացրեք ցուցիչ
Չկան պիտակներ, Եղեք առաջինը, ով նշում է այս գրառումը!

MARC

LEADER 00000 a a2200000 04500
001 22895
003
040
090 |a 158100  
110 |a SIECA  
245 |a Presidentes recibieron proyecto de tratado de la Comunidad Económica y Social Centroamericana  
260 |a s.l.:   |b s.e.  
300 |a 29 p.  
999 |c 6864  |d 6864